| 000 | 00556nam a2200193Ia 4500 | ||
|---|---|---|---|
| 008 | 130531t2011 xxu||||| |||| 00| 0 sin d | ||
| 041 | _asin | ||
| 080 |
_a8-31 (Indeeya) _bSUR |
||
| 100 | _aSuri,Manil | ||
| 245 | _aවිෂ්ණුගේ මරණය | ||
| 246 | _aVishnuge Maranaya | ||
| 260 |
_aFast Publishing _aColombo _c2011 |
||
| 300 | _b367p, 21 cm | ||
| 500 | _aSinhalese translation of Manil Suri's of The Death of Vishnu | ||
| 700 |
_aSiriwardena,Kumara _etr. |
||
| 942 | _cBK | ||
| 999 |
_c42458 _d42458 |
||
| 003 | LK-CoDNM | ||
| 040 |
_aLK-CoDNM _dLK-CoDNM _eLK-CoDNM |
||